Engineering economy (Record no. 1549)

000 -LEADER
fixed length control field 00674nam a22002294a 4500
001 - CONTROL NUMBER
control field 1549
003 - CONTROL NUMBER IDENTIFIER
control field BD-DhUET
008 - FIXED-LENGTH DATA ELEMENTS--GENERAL INFORMATION
fixed length control field 000424s2001 njua b 001 0 eng
020 ## - INTERNATIONAL STANDARD BOOK NUMBER
International Standard Book Number 013028128X
040 ## - CATALOGING SOURCE
Original cataloging agency DLC
Transcribing agency DLC
Modifying agency BD-DhUET
082 00 - DEWEY DECIMAL CLASSIFICATION NUMBER
Classification number 620.02
Item number THU/2001
100 ## - MAIN ENTRY--PERSONAL NAME
Personal name Thuesen, G. J.
245 10 - TITLE STATEMENT
Title Engineering economy
Statement of responsibility, etc. by G.J. Thuesen and W.J. Fabrycky
250 ## - EDITION STATEMENT
Edition statement 9th ed.
260 ## - PUBLICATION, DISTRIBUTION, ETC. (IMPRINT)
Place of publication, distribution, etc. New Jersy
Name of publisher, distributor, etc. Prentice Hall
Date of publication, distribution, etc. 2001
300 ## - PHYSICAL DESCRIPTION
Extent xiv, 637 p.
Other physical details ill.
Dimensions 25 cm.
490 ## - SERIES STATEMENT
Series statement Prentice hall international series in industrial and sytems engineering
504 ## - BIBLIOGRAPHY, ETC. NOTE
Bibliography, etc Includes bibliographies
650 #0 - SUBJECT ADDED ENTRY--TOPICAL TERM
Topical term or geographic name as entry element Engineering economy
700 1# - ADDED ENTRY--PERSONAL NAME
Personal name Fabrycky, W. J.
942 ## - ADDED ENTRY ELEMENTS (KOHA)
Koha item type General Book
Holdings
Damaged status Koha full call number Not for loan Koha normalized classification for sorting Date acquired Source of classification or shelving scheme Price effective from Koha date last seen Lost status Koha date last borrowed Piece designation (barcode) Koha issues (times borrowed) Location (home branch) Shelving location Withdrawn status Copy number Sublocation or collection (holding branch) Koha item type
 620.02/THU/2001 620_000000000000000_02THU20012014-09-08 2014-09-082014-09-08  102596 Central Library, BUETCirculation section 1Central Library, BUETGeneral Book
 620.02/THU/2001 620_000000000000000_02THU20012014-09-08 2014-09-082014-09-08  102594 Central Library, BUETCirculation section 2Central Library, BUETGeneral Book
 620.02/THU/2001 620_000000000000000_02THU20012014-09-08 2014-09-082021-12-20 2021-11-291025901Central Library, BUETCirculation section 3Central Library, BUETGeneral Book
 620.02/THU/2001 620_000000000000000_02THU20012014-09-08 2014-09-082014-09-08  102595 Central Library, BUETCirculation section 4Central Library, BUETGeneral Book
 620.02/THU/2001 620_000000000000000_02THU20012014-09-08 2014-09-082014-09-08  102589 Central Library, BUETCirculation section 5Central Library, BUETGeneral Book
 620.02/THU/2001 620_000000000000000_02THU20012014-09-08 2014-09-082014-09-08  102588 Central Library, BUETCirculation section 6Central Library, BUETGeneral Book
 620.02/THU/2001 620_000000000000000_02THU20012014-09-08 2014-09-082022-04-16 2022-03-211025922Central Library, BUETCirculation section 8Central Library, BUETGeneral Book
 620.02/THU/2001 620_000000000000000_02THU20012014-09-08 2014-09-082014-09-08  102591 Central Library, BUETCirculation section 9Central Library, BUETGeneral Book
 620.02/THU/2001 620_000000000000000_02THU20012014-09-15 2014-09-152014-09-15  102593 Central Library, BUETCirculation section 10Central Library, BUETGeneral Book
 620.02/THU/2001 620_000000000000000_02THU20012014-09-27 2014-09-272021-12-20 2021-12-041018773Central Library, BUETCirculation section 11Central Library, BUETGeneral Book
 620.02/THU/2001 620_000000000000000_02THU20012014-10-19 2014-10-192014-10-19  112838 Central Library, BUETCirculation section 12Central Library, BUETGeneral Book
 620.02/THU/2001 620_020000000000000_THU_20012014-11-23 2014-11-232014-11-23  101878 Central Library, BUETCirculation section 13Central Library, BUETGeneral Book